000
00318nam a2200133Ia 4500
100
_a
Davis/ H.T.
942
_c
BK
654
_a
integral equations
245
_a
Introduction to nonlinear differential & integral equations
260
_b
Dover pub
_a
New York
_c
1962
300
_a
566
546
_a
ENGLISH
999
_c
31219
_d
31219